Trade and Industrialization (Record no. 220639)
[ view plain ]
| 000 -LEADER | |
|---|---|
| fixed length control field | 00848nam a22002297a 4500 |
| 005 - DATE AND TIME OF LATEST TRANSACTION | |
| control field | 20240607123813.0 |
| 008 - FIXED-LENGTH DATA ELEMENTS--GENERAL INFORMATION | |
| fixed length control field | 211117b ||||| |||| 00| 0 eng d |
| 020 ## - INTERNATIONAL STANDARD BOOK NUMBER | |
| International Standard Book Number | 0195635329 |
| 040 ## - CATALOGING SOURCE | |
| Transcribing agency | AL |
| 082 ## - DEWEY DECIMAL CLASSIFICATION NUMBER | |
| Edition number | 23 |
| Classification number | 338.95 |
| Item number | NAYT |
| 100 ## - MAIN ENTRY--PERSONAL NAME | |
| Personal name | Deepak Nayyar |
| 9 (RLIN) | 10528 |
| 245 ## - TITLE STATEMENT | |
| Title | Trade and Industrialization |
| 260 ## - PUBLICATION, DISTRIBUTION, ETC. | |
| Place of publication, distribution, etc. | Delhi |
| Name of publisher, distributor, etc. | Oxford University Press |
| Date of publication, distribution, etc. | 1997 |
| 300 ## - PHYSICAL DESCRIPTION | |
| Extent | xv,326 p. |
| Other physical details | HB |
| Dimensions | 22x14 cm. |
| 520 ## - SUMMARY, ETC. | |
| Summary, etc. | This collection of essays explores selected themes in trade and industrialization in India, provides critical surveys of the literature, and analyses issues which are the subject matter of intense debate. |
| 650 ## - SUBJECT ADDED ENTRY--TOPICAL TERM | |
| Topical term or geographic name entry element | Economic Development |
| 9 (RLIN) | 10529 |
| 650 ## - SUBJECT ADDED ENTRY--TOPICAL TERM | |
| Topical term or geographic name entry element | Stock Market |
| 9 (RLIN) | 10530 |
| 650 ## - SUBJECT ADDED ENTRY--TOPICAL TERM | |
| Topical term or geographic name entry element | Industrialization |
| 9 (RLIN) | 10531 |
| 650 ## - SUBJECT ADDED ENTRY--TOPICAL TERM | |
| Topical term or geographic name entry element | Technology and Development |
| 9 (RLIN) | 10532 |
| 700 ## - ADDED ENTRY--PERSONAL NAME | |
| Personal name | NAYYAR (Deepak) |
| 9 (RLIN) | 10533 |
| 942 ## - ADDED ENTRY ELEMENTS (KOHA) | |
| Source of classification or shelving scheme | Dewey Decimal Classification |
| Koha item type | George Fernandes Collections |
| Withdrawn status | Lost status | Source of classification or shelving scheme | Damaged status | Not for loan | Collection code | Home library | Current library | Date acquired | Total Checkouts | Full call number | Barcode | Date last seen | Price effective from | Koha item type |
|---|---|---|---|---|---|---|---|---|---|---|---|---|---|---|
| Dewey Decimal Classification | Economics | St Aloysius Library | St Aloysius Library | 03/24/2013 | 338.95 NAYT | GF01660 | 11/17/2021 | 11/17/2021 | George Fernandes Collections |